LEADER 02040nam a2200289 4500 001 000000340952 003 CaOOAMICUS 005 20200707132216.0 008 200707s1726 sz a 000 u lat r 040 $aSeMil$bita 100 11$aGregory, David,$d<1659-1708>.$0(OLS)http://semarc/name/111702 245 00$aDavidis Gregorii ... Astronomiae physicae & geometricae elementa ... Accesserunt praefatio editoris; Cometographia Halleiana in modum appendicis; brevis ad calcem Horologiorum sciotericorum tractatus & duplex index, primus sectionum & propositionum, alter rerum & verborum copiosus. Tomus 1. [-2.]. 250 $aSecunda editio revisa & correcta 264 1$aGenevae :$bApud Marcum-Michaelem Bousquet & Socios,$c1726. 300 $a2 v. ;$c4° 500 $aI vol. 1 e 2 hanno paginazione continua 500 $a Marca calcogr. non controllata (Uomo con frutta in mano al centro, uomo con pala e donna seduta ai lati. Motto: Industria mala levat su un nastro. In cornice) sui front., disegnata da Antoine Chopy e sottoscritta: De Poilly f. 500 $aFront. stampati in rosso e nero 650 4$aAstronomia - Opere anteriori al 1900.$0(OLS)http://semarc/subject/26173 700 1 $aChopy, Antoine,$eincisore.$0(OLS)http://semarc/name/111703 700 1 $aBousquet, Marc Michel & C.,$c.$0(OLS)http://semarc/name/5597 752 $aSZ$dGinevra 774 0 $tTomus primus.$dGenevae : Apud Marcum-Michaelem Bousquet & Socios, 1726.$w()340953 774 0 $tTomus secundus.$dGenevae : Apud Marcum-Michaelem Bousquet & Socios, 1726.$w()340954 996 $6245$aDavidis Gregorii ... Astronomiae physicae & geometricae elementa ... Accesserunt praefatio editoris; Cometographia Halleiana in modum appendicis; brevis ad calcem Horologiorum sciotericorum tractatus & duplex index, primus sectionum & propositionum, alter rerum & verborum copiosus. Tomus 1. [-2.]$9(OLS)http://semarc/title/430020 996 $6264$aGenevae :$bApud Marcum-Michaelem Bousquet & Socios$9(OLS)http://semarc/publisher/59096 LEADER 00781nam a2200205 i 4500 001 000000199225 003 CaOOAMICUS 005 20110318000000.0 008 110318s1835 it u000 u ita u 013 $a177916 040 $aSeMil$bita 100 1 $aFiorentino, Pier Angelo.$0(OLS)http://semarc/name/72132 245 13$aLa Fornarina :$bdramma storico /$cdi Pier Angelo Fiorentino. 260 $aNapoli :$bStamperia dell'Ariosto,$c1835. 300 $a59 p. ;$c20 cm. 773 0 $t[Miscellanea.$w()24571 850 $aSeMil 852 $aSeMil$W1$xVenegono$y1$m5B I 27/2 FA$j149778$B149778$CSeMilBibl$Z2$F161145 $8I 996 $6245$aLa Fornarina :$bdramma storico$9(OLS)http://semarc/title/288070 996 $6260$aNapoli :$bStamperia dell'Ariosto$9(OLS)http://semarc/publisher/51331